| 000 | 02602cam a2200445 i 4500 | ||
|---|---|---|---|
| 999 |
_c129632 _d129632 |
||
| 001 | 18598939 | ||
| 003 | ARRUPE | ||
| 005 | 20190522102419.0 | ||
| 008 | 150430s2015 inua bk 001 0 eng c | ||
| 010 | _a 2015017453 | ||
| 020 |
_a9780253017680 _q(cloth ; _qalk. paper) |
||
| 020 |
_a9780253018038 _q(pbk. ; _qalk. paper) |
||
| 020 |
_z9780253018090 _q(ebook) |
||
| 040 |
_aIEN/DLC _beng _cIEN _erda _dDLC |
||
| 042 | _apcc | ||
| 043 | _af-rh--- | ||
| 050 |
_aML3917.Z55 _bC55 2015 |
||
| 082 | 0 | 0 |
_a780.96891 _223 |
| 100 | 1 |
_aChikowero, Mhoze, _d1972- _eauthor. _946482 |
|
| 245 | 1 | 0 |
_aAfrican music, power, and being in colonial Zimbabwe / _cMhoze Chikowero. |
| 260 |
_aBloomington _bIndiana University Press _c2015 |
||
| 300 |
_axiii, 346 p. : _billustrations ; _c23 cm. |
||
| 490 | 1 | _aAfrican expressive cultures | |
| 490 | 1 | _aEthnomusicology multimedia | |
| 504 | _aIncludes bibliographical references (pages 311-326), discography (pages 311-326) and index. | ||
| 505 | 0 | 0 |
_tIntroduction: cross-cultural encounters: song, power, and being -- _tMissionary witchcrafting African being: cultural disarmament -- _tPurging the "heathen" song, mis/grafting the missionary hymn -- _t"Too many don'ts": reinforcing, disrupting the criminalization of African musical cultures -- _tArchitectures of control: African urban re/creation -- _tThe "tribal dance" as a colonial alibi: ethnomusicology and the tribalization of African being -- _tChimanjemanje: performing and contesting colonial modernity -- _tThe many moods of "Skokiaan": criminalized leisure, underclass defiance, and self-narration -- _tUsable pasts: crafting Madzimbabwe through memory, tradition, song -- _tCultures of resistance: genealogies of Chimurenga song -- _tJane Lungile Ngwenya: a transgenerational conversation -- _tEpilogue: postcolonial legacies: song, power, and knowledge production. |
| 650 | 0 |
_aPopular music _xSocial aspects _zZimbabwe _xHistory _y20th century. _946483 |
|
| 650 | 0 |
_aPopular music _xPolitical aspects _zZimbabwe _xHistory _y20th century. _946484 |
|
| 650 | 0 |
_aMissions _zZimbabwe. _913345 |
|
| 651 | 0 |
_aZimbabwe _xSocial conditions _y20th century. _940845 |
|
| 651 | 0 |
_aZimbabwe _xColonial influence. _9371 |
|
| 830 | 0 |
_aAfrican expressive cultures. _93315 |
|
| 830 | 0 |
_aEthnomusicology multimedia. _946485 |
|
| 906 |
_a7 _bcbc _corignew _d1 _eecip _f20 _gy-gencatlg |
||
| 942 |
_2lcc _cMONOGRAPH |
||